STRUCTURAL STUDY OF COPPER(II) PROPIONATES WITH SOME DERIVATIVES OF PYRIDINE

Bibliographic Details
Main Authors: Koman, M. (Author), Melník, Milan, 1938-2026 (Author)
Format: Article
Language:English
ISBN:8022709484

MARC

LEADER 00000naa a2200000uu 4500
001 vtls011088500
003 SK-MaSNL
005 20260302145816.0
008 210905|1997 xo |||||||||||||||||eng|
015 |a SNBRA 
035 |a (urnnbn)urn:nbn:sk:snk:ar-a0cofa 
035 |a (uuid)e3559296-b796-4532-a726-bed25e34773b 
035 |a urn:nbn:sk:snk-aavu8k 
040 |a SNKBUCL  |b slo  |c SNKBUCL  |e AACR2 
041 0 |a eng 
044 |a xo  |c SK 
100 1 |a Koman, M.  |4 aut  |9 584945 
245 1 0 |a STRUCTURAL STUDY OF COPPER(II) PROPIONATES WITH SOME DERIVATIVES OF PYRIDINE  |c M. Koman, M. Melník 
700 1 |a Melník, Milan,  |d 1938-2026  |4 aut  |9 212337 
773 0 |t Progress in coordination and organometallic chemistry  |d Bratislava : Slovak Technical University Press, 1997  |g S. 93-98  |z 8022709484 
958 |a OND 
958 |a article12 
958 |a chapter 
999 |c 1355721  |d 1357651